Les préfectures sans .... ou avec... (4) - Statistiques

Statistiques générales
  • Ce quiz a été pris 40 fois
  • Le résultat moyen est 67 sur 91
Statistiques - réponses
Hint Réponse % Correct
Avec la lettre U Toulouse
94%
Avec la lettre T Toulouse
94%
Avec la lettre U Tours
94%
Avec la lettre T Tours
94%
Avec la lettre U Toulon
91%
Avec la lettre T Toulon
91%
Avec la lettre X Bordeaux
85%
Avec la lettre U Bordeaux
85%
Avec la lettre U Bourg-en-Bresse
85%
Avec la lettre T Saint-Denis
85%
Avec la lettre U Aurillac
82%
Avec la lettre X Auxerre
82%
Avec la lettre U Auxerre
82%
Avec la lettre X Châteauroux
82%
Avec la lettre U Châteauroux
82%
Avec la lettre T Châteauroux
82%
Avec la lettre U Pau
82%
Avec la lettre X Périgueux
82%
Avec la lettre U Périgueux
82%
Avec la lettre Y Troyes
82%
Avec la lettre T Troyes
82%
Avec la lettre Y Annecy
79%
Avec la lettre T Belfort
79%
Avec la lettre U Bourges
79%
Avec la lettre T Clermont-Ferrand
79%
Avec la lettre X Évreux
79%
Avec la lettre V Évreux
79%
Avec la lettre U Évreux
79%
Avec la lettre Y La Roche-sur-Yon
79%
Avec la lettre U La Roche-sur-Yon
79%
Avec la lettre Y Lyon
79%
Avec la lettre U Moulins
79%
Avec la lettre U Saint-Brieuc
79%
Avec la lettre T Saint-Brieuc
79%
Avec la lettre U Strasbourg
79%
Avec la lettre T Strasbourg
79%
Avec la lettre U Tulle
79%
Avec la lettre T Tulle
79%
Avec la lettre V Versailles
79%
Avec la lettre V Beauvais
76%
Avec la lettre U Beauvais
76%
Avec la lettre Y Chambéry
76%
Avec la lettre T Metz
76%
Avec la lettre U Rouen
76%
Avec la lettre T Saint-Étienne
76%
Avec la lettre V Vannes
76%
Avec la lettre U Guéret
74%
Avec la lettre T Guéret
74%
Avec la lettre Y Le Puy-en-Velay
74%
Avec la lettre V Le Puy-en-Velay
74%
Avec la lettre U Le Puy-en-Velay
74%
Avec la lettre U Montauban
74%
Avec la lettre T Montauban
74%
Avec la lettre T Mont-de-Marsan
74%
Avec la lettre T Montpellier
74%
Avec la lettre U Quimper
74%
Avec la lettre T Saint-Lô
74%
Avec la lettre U Auch
71%
Avec la lettre Y Évry-Courcouronnes
71%
Avec la lettre V Évry-Courcouronnes
71%
Avec la lettre U Évry-Courcouronnes
71%
Avec la lettre T Nantes
71%
Avec la lettre V Nevers
71%
Avec la lettre T Niort
71%
Avec la lettre T Poitiers
71%
Avec la lettre T Tarbes
71%
Avec la lettre V Charleville-Mézières
68%
Avec la lettre X Foix
68%
Avec la lettre V Valence
68%
Avec la lettre U Angoulême
65%
Avec la lettre V Avignon
65%
Avec la lettre T Bastia
65%
Avec la lettre U Chaumont
65%
Avec la lettre T Chaumont
65%
Avec la lettre T Fort-de-France
65%
Avec la lettre U Melun
65%
Avec la lettre Y Nancy
65%
Avec la lettre V Privas
65%
Avec la lettre V Vesoul
65%
Avec la lettre U Vesoul
65%
Avec la lettre Y Bobigny
62%
Avec la lettre Y Cayenne
62%
Avec la lettre T Chartres
62%
Avec la lettre Y Cergy
59%
Avec la lettre T Créteil
59%
Avec la lettre T Nanterre
59%
Avec la lettre U Lons-le-Saunier
56%
Avec la lettre U Bar-le-Duc
53%
Avec la lettre V Laval
50%
Avec la lettre U Mamoudzou
50%
Avec la lettre T Terre
6%
Aucun quiz correspondant
Distribution des résultats
% des personnes avec chaque résultat
Percentile par nombre de réponses
Votre historique - résultats
Vous n’avez pas pris ce quiz